000 00660nam a2200241 i 4500
001 C2-0316422
003 PPAK
005 20180728112435.0
008 120725s2011 sp a|||| ||||| | eng d
020 _a9788492643660
040 _aPPAK
_beng
_cPPAK
_erda
082 0 4 _a741.685
_223
090 0 0 _a741.685
_bPRA
_dR
100 1 _aPraquin, Marc,
_eauthor
245 1 0 _aMy own business card
264 1 _aBarcelona, Spain :
_bIndex Book ,
_c2011
300 _a286 pages :
_bcolour illustrations ;
_c18 cm
336 _2rdacontent
_atext
337 _2rdamedia
_aunmediated
338 _2rdacarrier
_avolume
650 1 0 _aBusiness cards.
942 _ddc
_cB
999 _c117558
_d117558